Principles of public international law

Bibliographic Details
Main Author: Brownlie, Ian (Author)
Format: Book
Published: Oxford : ELBS : Oxford University Press , 1979
Edition:3rd ed
Subjects:

MARC

LEADER 00000cam a2200000 7i4500
001 0000007189
005 20030203093000.0
020 |a 0194423905 
090 0 0 |a JX3225   |b .B76 1979 
100 0 |a Brownlie, Ian ,   |e author 
245 1 0 |a Principles of public international law   |c by Ian Brownlie 
250 |a 3rd ed 
260 2 |a Oxford :   |b ELBS :   |b Oxford University Press ,   |c 1979 
300 |a xxxviii, 734 p. ;   |c 23 cm. 
504 |a Includes bibliographical references and index 
650 0 |a International law 
999 |a 1000022078   |b Book   |c OPEN SHELF (30 DAYS)   |e Gong Badak Campus